| 000 -LEADER |
| fixed length control field |
01058nam a22001937a 4500 |
| 005 - DATE AND TIME OF LATEST TRANSACTION |
| control field |
20240305102257.0 |
| 008 - FIXED-LENGTH DATA ELEMENTS--GENERAL INFORMATION |
| fixed length control field |
230530b ||||| |||| 00| 0 eng d |
| 040 ## - CATALOGING SOURCE |
| Transcribing agency |
SSBUL |
| Modifying agency |
SSBUL |
| 082 ## - DEWEY DECIMAL CLASSIFICATION NUMBER |
| Edition number |
23 |
| Classification number |
၂၉၄.၃၄၄၃၅ |
| 100 01 - MAIN ENTRY--PERSONAL NAME |
| Personal name |
ခေမာနန္ဒ၊ |
| Titles and words associated with a name |
အရှင်၊ |
| Miscellaneous information |
(ရန်ကင်းတောရ)သပြေပင်။ |
| 9 (RLIN) |
24649 |
| 245 10 - TITLE STATEMENT |
| Title |
ငြိမ်းအေးသောစိတ် / |
| Statement of responsibility, etc. |
အရှင်ခေမာနန္ဒ(ရန်ကင်းတောရ)သပြေပင်။ |
| 260 ## - PUBLICATION, DISTRIBUTION, ETC. |
| Place of publication, distribution, etc. |
ရန်ကုန်၊ |
| Name of publisher, distributor, etc. |
ရွှေနိုင်ငံစာပေ၊ |
| Date of publication, distribution, etc. |
၂၀၂၂။ |
| 300 ## - PHYSICAL DESCRIPTION |
| Extent |
၉၃ စာမျက်နှာ၊ |
| Dimensions |
၁၆ စင်တီ။ |
| 440 ## - SERIES STATEMENT/ADDED ENTRY--TITLE |
| Title |
ရန်ကင်းတောင်စာစဉ်၊ |
| Volume/sequential designation |
၃၉။ |
| 9 (RLIN) |
24623 |
| 500 ## - GENERAL NOTE |
| General note |
S-KN: Ashin Khemananda (Brahamana) |
| 650 ## - SUBJECT ADDED ENTRY--TOPICAL TERM |
| Topical term or geographic name entry element |
ဗုဒ္ဓဘာသာ |
| General subdivision |
ဝိပဿနာ။ |
| 9 (RLIN) |
24652 |
|
| Topical term or geographic name entry element |
စိတ်။ |
| 9 (RLIN) |
24653 |
| 942 ## - ADDED ENTRY ELEMENTS (KOHA) |
| Source of classification or shelving scheme |
|
| Koha item type |
Book (Short term) |
| Edition |
23 |
| Classification part |
၂၉၄.၃၃၄၃၅ |
| Call number prefix |
ခေ |